| 000 -CABECERA |
| Longitud fija campo de control |
00849aam a2200253 i 4500 |
| 001 - NÚMERO DE CONTROL |
| Número de control |
991061046971306706 |
| 003 - IDENTIFICADOR DEL NÚMERO DE CONTROL |
| Identificador del número de control |
OSt |
| 005 - FECHA Y HORA DE LA ÚLTIMA TRANSACCIÓN |
| Fecha y hora de la última transacción |
20240215165804.0 |
| 008 - CÓDIGOS DE INFORMACIÓN DE LONGITUD FIJA |
| Códigos de información de longitud fija |
231124s2023 sp a 000 0 spa|c |
| 017 ## - NÚMERO DE COPYRIGHT O DE DEPÓSITO LEGAL |
| Número de copyright o de depósito legal |
DL V 3194-2023 |
| Agencia que asigna el número |
Oficina DL Valencia |
| 020 ## - NÚMERO INTERNACIONAL NORMALIZADO PARA LIBROS |
| Número Internacional Normalizado para Libros (ISBN) |
9788411830270 |
| 040 ## - FUENTE DE LA CATALOGACIÓN |
| Centro catalogador de origen |
ES-ViU |
| Lengua de catalogación |
cat |
| Normas de descripción |
rda |
| Centro transcriptor |
CDMR |
| 080 ## - NÚMERO DE LA CLASIFICACIÓN DECIMAL UNIVERSAL |
| Número de la Clasificación Decimal Universal |
070:004 |
| Identificador de la edición |
2004 |
| 245 00 - MENCIÓN DE TÍTULO |
| Título |
Manual de nuevos formatos y narrativas para el periodismo y la no ficción / |
| Mención de responsabilidad, etc. |
Susana Herrera Damas, José Luis Rojas Torrijos, editores |
| 264 #1 - PRODUCCIÓN, PUBLICACIÓN , DISTRIBUCIÓN, FABRICACIÓN Y COPYRIGHT |
| Lugar de producción, publicación, distribución, fabricación |
Valencia : |
| Nombre del productor, editor, distribuidor, fabricante |
Tirant humanidades, |
| Fecha de de producción, publicación, distribución, fabricación o copyright |
2023 |
| 300 ## - DESCRIPCIÓN FÍSICA |
| Extensión |
330 pàgines : |
| Otras características físicas |
il·lustracions en color ; |
| Dimensiones |
22 cm |
| 650 #0 - PUNTO DE ACCESO ADICIONAL DE MATERIA - TÉRMINO DE MATERIA |
| 9 (RLIN) |
3076 |
| Término de materia o nombre geográfico como elemento inicial |
Periodisme digital |
| 650 #0 - PUNTO DE ACCESO ADICIONAL DE MATERIA - TÉRMINO DE MATERIA |
| 9 (RLIN) |
4931 |
| Término de materia o nombre geográfico como elemento inicial |
Narrativa transmèdia |
| 700 1# - PUNTO DE ACCESO ADICIONAL - NOMBRE DE PERSONA |
| Nombre de persona |
Herrera Damas, Susana, |
| 700 1# - PUNTO DE ACCESO ADICIONAL - NOMBRE DE PERSONA |
| Nombre de persona |
Rojas Torrijos, José Luis, |
| 908 ## - CONTROL DE PARÁMETROS (RLIN) |
| Parametro de comando lanzado |
UVic-UCC |
| -- |
UAB |
| 940 ## - |
| T&íacute;tulo uniforme |
<a href="CVA2">CVA2</a> |
| 942 ## - ENTRADA DE ELEMENTOS AGREGADOS (KOHA) |
| Fuente de clasificaión o esquema |
|
| Koha [por defecto] tipo de item |
Monografies |